Normal view
MARC view
- Nanje Gowda, N.A
Entry Personal Name
001 - CONTROL NUMBER
- control field: 3090
003 - CONTROL NUMBER IDENTIFIER
- control field: OSt
005 - DATE AND TIME OF LATEST TRANSACTION
- control field: 20180521140653.0
008 - FIXED-LENGTH DATA ELEMENTS
- fixed length control field: 180521|| aca||aabn | a|a d
040 ## - CATALOGING SOURCE
- Original cataloging agency: OSt
- Transcribing agency: OSt
100 ## - HEADING--PERSONAL NAME
- Personal name: Nanje Gowda, N.A
670 ## - SOURCE DATA FOUND
- Source citation: Work cat.: (OSt): Karthik, S.K 3088, Post harvest processing and food engineering (Objective questions and answers), 2017
